| 000 | 00546nam a22001937a 4500 | ||
|---|---|---|---|
| 003 | KOHA_MİRAKIL | ||
| 005 | 20251112120343.0 | ||
| 008 | 251112b tu ||||| |||| 00| 0 tur d | ||
| 020 | _a9786051961804 | ||
| 040 |
_aTR-AnABB _btur _cTR-AnABB |
||
| 041 | _atur | ||
| 082 |
_a303.482 _bYAR 2018 |
||
| 100 | 1 | _aYardım, Müşerref, | |
| 245 | 1 | 0 |
_aDoğu, batı ve ötekilik / _cMüşerref Yardım |
| 260 |
_aİstanbul: _bÇizgi Kitabevi, _c2018 |
||
| 300 |
_a174 sayfa ; _c21 cm |
||
| 650 | 0 | 4 | _aTürk edebiyatı, roman |
| 942 |
_2ddc _cBK |
||
| 999 |
_c9358 _d9358 |
||
| 900 | _bGizem YORULMAZ | ||